000
00316nam a22001337a 4500
008
190129b xxu||||| |||| 00| 0 eng d
020
_a
9780495897743
041
_a
eng
080
_a
316
100
_a
50
101
_a
SOC
245
_a
Gender Lives Communication, Gender, and Culture
_c
Wood,J.T
942
_2
udc
_c
BK
999
_c
53838
_d
53838